01866nam a22004097a 4500003000500000005001700005008004100022010001100063011001100074035001100085040000900096090001000105100004000115245019000155260004000345500006000385502008100445590003700526590004100563590004100604590004100645590004100686590004100727590004100768590004100809590004200850650003300892650003600925856006400961901000701025942000901032949006301041949005801104999001901162952014001181952013501321CHAP20220620114756.0100912s2012 mx r 00010 spa d a103911 a104883 a115573 cCHAP aTesis1 aCruz de la Cruz, Leidy Laura92935710aProducción con microondas de una botana de nopal y la interrelación de la microestructura, textura y sus propiedades termodinámicash[En línea]c/por Leidy Laura Cruz de la Cruz aChapingo, Méx. :bEl autor,c2012 aPara ver el contenido del material haga clic en la liga aTesis (Ing. Agroindustrial) -- UACH. Departamento de Ingeniería Industrial aALEPHb10c20130110lUCH01h1546 aBATCH-UPDb10c20130110lUCH01h0255 aBATCH-UPDb10c20130110lUCH01h0418 aBATCH-UPDb10c20130409lUCH01h2156 aBATCH-UPDb10c20130409lUCH01h2328 aBATCH-UPDb10c20130913lUCH01h2132 aBATCH-UPDb10c20140324lUCH01h1534 aBATCH-UPDb10c20141002lUCH01h0855 aCONVERSIONb10c20130109lUCH01h135714aNopalxComposición.98165714aNopalxDeshidratación.981663 3Finding aiduhttp://10.13.5.2/tesis/115573.pdfzTeclea aqui aBK cFOLL aTesisbBCcTESd33724002348842eTS2fc.2h54024i115573st aTesisbBCcTESd33724002348884eTS1h54023i115573st c103911d103911 00102local4053708TESISaBCbBCcPA_TESISd2019-12-31fTESISl0oTesisp33724002348842r2019-12-31 00:00:00tc.2w2019-12-31yTESIS 00102local4051708TESISaBCbBCcPA_TESISd2019-12-31fTESISl0oTesisp33724002348884r2019-12-31 00:00:00w2019-12-31yTESIS